| 000 | 01108nam a22003131c 4500 | ||
|---|---|---|---|
| 001 | EBC5611767 | ||
| 003 | RU-10907106 | ||
| 005 | 20211006111204.0 | ||
| 008 | 200211s2019 gw |||| 000u eng d | ||
| 020 |
_a9781789200386 _a978-1-7892-0039-3 _9978-1-7892-0038-6 |
||
| 040 |
_cRU-10907106 _aRU-10907106 _bger |
||
| 041 | _aeng | ||
| 100 | 1 | _aSteininger, Rolf | |
| 245 | 0 | 0 |
_aGermany and the Middle East : _bfrom Kaiser Wilhelm II to Angela Merkel / _cRolf Steininger |
| 250 | _aEnglish-language edition | ||
| 264 |
_aNew York ; Oxford : _bBerghahn, _c2019 |
||
| 300 | _a1 online resource (187 pages) | ||
| 336 |
_aText _btxt _2rdacontent |
||
| 337 |
_aComputermedien _bc _2rdamedia |
||
| 338 |
_aOnline-Ressource _bcr _2rdacarrier |
||
| 500 | _aE-Book-ProQuest / Fernzugriff nach Registrierung möglich | ||
| 500 | _aIncludes bibliographical references and index | ||
| 650 | 4 | _aAußenpolitik | |
| 651 | 4 | _aNaher Osten | |
| 651 | 4 | _aDeutschland | |
| 655 | 0 | _aFernzugriff | |
| 856 | 4 | _uhttps://ebookcentral.proquest.com/lib/maxweberstiftung-ebooks/detail.action?docID=5611767 | |
| 942 |
_cEB _2z |
||
| 999 |
_c29729 _d29729 |
||